| 000 | 00592nam a22002177a 4500 | ||
|---|---|---|---|
| 003 | OSt | ||
| 005 | 20140310181915.0 | ||
| 008 | 130716t xxu||||| |||| 00| 0 eng d | ||
| 020 | _a1853463795 | ||
| 050 |
_aLB 1139.5 _b.H174 1995 |
||
| 082 |
_aTR 372.64 _bH14 1995 |
||
| 100 |
_aHall, Nigel _9722 |
||
| 245 |
_aExploring writing and play in the early years / _cNigel Hall |
||
| 260 |
_aLondon : _bDavid Fulton, _cc1995. |
||
| 300 |
_avi, 112 p. _c24 cm. |
||
| 521 | _aFaculty | ||
| 541 | _j1 | ||
| 562 | _e1 | ||
| 650 | _2 Elementary education | ||
| 942 |
_2lcc _cBK-TR _kTR |
||
| 999 |
_c6715 _d6715 |
||